Children of the lion /

Fictionalized account of the history of Sri Lanka from the earliest times; includes the spread and development of Buddhism in Sri Lanka.

Saved in:
书目详细资料
主要作者: Muller, Carl, 1935-
格式: 图书
语言:English
出版: New Delhi, India ; New York, NY : Viking, 1997.
主题:
标签: 添加标签
没有标签, 成为第一个标记此记录!
LEADER 00938aam a2200277 a 4500
001 007775596-0
005 20020606104010.5
008 971120s1997 ii a b 000 1 eng
010 |a  97906063  
020 |z 0670676852 
035 0 |a ocm37992855 
040 |a DLC  |c DLC 
042 |a lcode 
043 |a a-ce--- 
050 0 0 |a PR9440.9.M85  |b C645 1997 
082 0 0 |a 823  |2 21 
100 1 |a Muller, Carl,  |d 1935- 
245 1 0 |a Children of the lion /  |c Carl Muller. 
260 |a New Delhi, India ;  |a New York, NY :  |b Viking,  |c 1997. 
300 |a xii, 984 p. :  |b ill. ;  |c 25 cm. 
504 |a Includes bibliographical references (p. [966]-974). 
520 |a Fictionalized account of the history of Sri Lanka from the earliest times; includes the spread and development of Buddhism in Sri Lanka. 
650 0 |a Buddhism  |z Sri Lanka  |x History  |y To 1505  |v Fiction. 
651 0 |a Sri Lanka  |x History  |y To 1505  |v Fiction. 
988 |a 20020608 
906 |0 DLC